Perfect acts of architecture / (Record no. 24991)

000 -LEADER
fixed length control field 01339cam a22003014a 4500
001 - CONTROL NUMBER
control field 12383571
003 - CONTROL NUMBER IDENTIFIER
control field OSt
005 - DATE AND TIME OF LATEST TRANSACTION
control field 20170130143714.0
008 - FIXED-LENGTH DATA ELEMENTS--GENERAL INFORMATION
fixed length control field 010418s2001 nyua bc 000 0 eng
010 ## - LIBRARY OF CONGRESS CONTROL NUMBER
LC control number 2001090089
020 ## - INTERNATIONAL STANDARD BOOK NUMBER
International Standard Book Number 0870700391 (MOMA/T&H : alk. paper)
020 ## - INTERNATIONAL STANDARD BOOK NUMBER
International Standard Book Number 0810962225 (Abrams : alk. paper)
040 ## - CATALOGING SOURCE
Original cataloging agency DLC
Transcribing agency DLC
Modifying agency DLC
042 ## - AUTHENTICATION CODE
Authentication code pcc
050 00 - LIBRARY OF CONGRESS CALL NUMBER
Classification number NA680
Item number .K52 2001
082 00 - DEWEY DECIMAL CLASSIFICATION NUMBER
Classification number 720/.028
Edition number 21
100 1# - MAIN ENTRY--PERSONAL NAME
Personal name Kipnis, Jeffrey.
245 10 - TITLE STATEMENT
Title Perfect acts of architecture /
Statement of responsibility, etc. by Jeffrey Kipnis ; preface by Terence Riley.
260 ## - PUBLICATION, DISTRIBUTION, ETC. (IMPRINT)
Place of publication, distribution, etc. New York :
Name of publisher, distributor, etc. Museum of Modern Art ;
Place of publication, distribution, etc. Columbus, Ohio : Wexner Center for the Arts,
Date of publication, distribution, etc. c2001.
300 ## - PHYSICAL DESCRIPTION
Extent 180 p. :
Other physical details chiefly ill. (some col.) ;
Dimensions 27 cm.
500 ## - GENERAL NOTE
General note Wexner Center for the Arts, the Ohio State University, Columbus, Ohio, January 26-April 20, 2001 and others.
650 #0 - SUBJECT ADDED ENTRY--TOPICAL TERM
Topical term or geographic name as entry element Architecture, Modern
Chronological subdivision 20th century
Form subdivision Exhibitions.
650 #0 - SUBJECT ADDED ENTRY--TOPICAL TERM
Topical term or geographic name as entry element Architectural drawing
Form subdivision Exhibitions.
710 2# - ADDED ENTRY--CORPORATE NAME
Corporate name or jurisdiction name as entry element Wexner Center for the Arts.
710 2# - ADDED ENTRY--CORPORATE NAME
Corporate name or jurisdiction name as entry element Museum of Modern Art (New York, N.Y.)
906 ## - LOCAL DATA ELEMENT F, LDF (RLIN)
a 7
b cbc
c orignew
d 2
e epcn
f 20
g y-gencatlg
942 ## - ADDED ENTRY ELEMENTS (KOHA)
Source of classification or shelving scheme
Koha item type Hard Covered Materials
Classification part NA 680 .K52 2001
Holdings
Withdrawn status Lost status Source of classification or shelving scheme Damaged status Not for loan Home library Current library Shelving location Date acquired Source of acquisition Total Checkouts Full call number Barcode Date last seen Price effective from Koha item type
          MACHAKOS UNIVERSITY LIBRARY MACHAKOS UNIVERSITY LIBRARY Open shelf 30/01/2017 Donation (BFA)   NA 680 .K52 2001 33223 30/01/2017 30/01/2017 Hard Covered Materials
© Machakos University Library, Along The Highway, Machakos Wote Rd, Machakos, Kenya P.O. Box 136 - 90100 Machakos - Kenya

Tel: ( +254 ) 723 805829 OR Fax : 044-20353 OR Email: library@mksu.ac.ke